<?xml version="1.0" encoding="UTF-8"?>
<collection xmlns="http://www.loc.gov/MARC21/slim">
  <record>
    <leader>00000nam  2200000   4500</leader>
    <controlfield tag="001">INLIS000000000810060</controlfield>
    <controlfield tag="005">20251016092106</controlfield>
    <datafield tag="035" ind1="#" ind2="#">
      <subfield code="a">0010-1025000043</subfield>
    </datafield>
    <controlfield tag="007">ta</controlfield>
    <controlfield tag="008">251016###########################0#ara##</controlfield>
    <datafield tag="082" ind1="#" ind2="#">
      <subfield code="a">297.14</subfield>
    </datafield>
    <datafield tag="084" ind1="#" ind2="#">
      <subfield code="a">297.14 BAD h</subfield>
    </datafield>
    <datafield tag="245" ind1="#" ind2="#">
      <subfield code="a">Hawasyi asy-Syabighah ‘ala Ikhtishar Mukhtashar /</subfield>
      <subfield code="c">Muhammad Badruddin bin Balban al-Hanbali</subfield>
    </datafield>
    <datafield tag="260" ind1="#" ind2="#">
      <subfield code="a">Riyadh :</subfield>
      <subfield code="b">Dar al-Asfar</subfield>
    </datafield>
    <datafield tag="300" ind1="#" ind2="#">
      <subfield code=";"/>
      <subfield code="c">24 cm.</subfield>
    </datafield>
    <datafield tag="520" ind1="#" ind2="#">
      <subfield code="a">Kitab ini merupakan hasyiyah (penjelasan dan komentar) atas Ikhtishar Mukhtashar al-Khiraqi dalam mazhab Hanbali. Menjelaskan masalah-masalah fikih, istidlal, dan pendapat ulama Hanabilah secara terperinci</subfield>
    </datafield>
  </record>
</collection>
